LEADER 01467nam0 2200337 450 001 000035660 005 20180711101839.0 100 $a20131211d1961----km-y0itaa50------ba 101 0 $aita 102 $aIT 200 1 $aProspettive turistiche dell'Appennino emiliano-romagnolo$econferenza nazionale del mondo rurale e dell'agricoltura$fF. Carullo, E. Jedlowski e V. Candeli 210 $aBologna$c<> Compositori$d1961 215 $a105 p., [2] carte di tav. ripieg.$cill.$d30 cm. 300 $aPresentazione di F. Borri 316 $aDedica autografa di uno degli autori al Prof. Gioacchino Viggiani 606 1 $aTurismo$yAppennino emiliano-romagnolo 676 $a338.4791$v(22. ed.)$9Beni e servizi. Turismo 676 $a910$v(22. ed.)$9Geografia e viaggi 700 1$aCarullo,$bFrancesco$063499 701 1$aJedlowski,$bEdoardo$0446669 701 1$aCandeli,$bVincenzo$0446670 702 1$aBorri,$bFrancesco 801 0$aIT$bUniversità della Basilicata - B.I.A.$gREICAT$2unimarc 912 $a000035660 996 $aProspettive turistiche dell'Appennino emiliano-romagnolo$9101882 997 $aUNIBAS CAT $aSTD093$b01$c20131211$lBAS01$h1400 CAT $aTTM$b30$c20140113$lBAS01$h1314 CAT $aATR$b20$c20180711$lBAS01$h1018 FMT Z30 -1$lBAS01$LBAS01$mBOOK$1BASA2$APolo Tecnico-Scientifico$2FVIG$BFondo Viggiani$3FVig/41040$641040$5T41040$7Collocato presso la Scuola di Agraria$820131211$f35$FStanza riservata